| 000 | 00676cam a22002533a 4500 | ||
|---|---|---|---|
| 001 | 31586 | ||
| 003 | PGUSA | ||
| 005 | 20140828083701.0 | ||
| 008 | 100310s2010||||xxu|||||s|||||000 1 eng d | ||
| 040 |
_aPGUSA _beng |
||
| 042 | _adc | ||
| 100 | 1 | _aEvans, Dean | |
| 245 | 1 | 4 |
_aThe Very Black _h[electronic resource] / _cDean Evans |
| 260 |
_bProject Gutenberg, _c2010 |
||
| 506 | _aPublic domain in the USA. | ||
| 516 | _aElectronic text | ||
| 653 | _aLove stories | ||
| 653 | _aTest pilots -- Fiction | ||
| 653 | _aShort stories | ||
| 653 | _aScience fiction | ||
| 830 | 0 |
_aProject Gutenberg _v31586 |
|
| 856 | 4 | 0 | _uhttp://www.gutenberg.org/ebooks/31586 |
| 942 | _cEB | ||
| 999 |
_c260841 _d260841 |
||